000 00495nam a22001817a 4500
999 _c2433
_d2392
008 180720b xxu||||| |||| 00| | tur d
020 _a9789758859788
041 _atur
050 _aPL248.B534
100 _91269
_aKenan Biberci
245 _aDullar ve Reçeller
250 _a1. Baskı
260 _aİstanbul
_bKanat Kitap
_cMayıs 2008
300 _a131 Sayfa
500 _aKanat Kitap: 76, Edebiyat Dizisi: 48 2 Adet mevcuttur.
650 0 _9145
_aTürk Edebiyatı
942 _2lcc
_cBK